[Event "Kaissa Open"]
[Site "Kharkov UKR"]
[Date "2002.01.24"]
[Round "3"]
[White "Kurochkin,Val"]
[Black "Karandoa,K"]
[Result "0-1"]
[WhiteElo "2154"]
[BlackElo "2177"]

1.Nf3 Nf6 2.d4 e6 3.c4 Bb4+ 4.Bd2 Qe7 5.g3 O-O 6.Bg2 Bxd2+ 7.Qxd2 d6 8.Nc3 e5
9.O-O c6 10.dxe5 dxe5 11.Rfd1 Re8 12.Ng5 Bf5 13.Nce4 Nxe4 14.Nxe4 Bxe4 15.Bxe4 Na6
16.a3 Nc5 17.Qc2 g6 18.b4 Ne6 19.c5 a5 20.Qb2 Ng5 21.Bc2 Qe6 22.h4 Nh3+ 23.Kg2 Nf4+
24.gxf4 Qg4+ 25.Kf1 exf4 26.Bd3 f3 27.exf3 Qxf3 28.Kg1 Qg4+ 29.Kh1 Qxh4+
30.Kg1 Qg4+ 31.Kf1 Qh3+ 32.Kg1 Qg4+ 33.Kf1 Qh5 34.Kg1 Re5 35.Bf1 Rg5+ 36.Bg2 Qf3
37.Kf1 Qxg2+ 38.Ke2 Rf5  0-1

[Event "Corus Tens"]
[Site "Wijk aan Zee NED"]
[Date "2002.01.27"]
[Round "9"]
[White "Berkvens,J"]
[Black "Rogers,I"]
[Result "0-1"]
[WhiteElo "2461"]
[BlackElo "2555"]

1.d4 Nf6 2.Nf3 e6 3.c4 Bb4+ 4.Bd2 Qe7 5.a3 Bxd2+ 6.Nbxd2 d6 7.e4 e5 8.d5 O-O
9.Bd3 a5 10.b3 Nh5 11.g3 Na6 12.Nh4 g6 13.Ng2 Bh3 14.Ne3 Nc5 15.Bc2 f5 16.Nxf5 Qf6
17.Qe2 gxf5 18.Qxh5 Bg2 19.Rg1 Bxe4 20.Nxe4 fxe4 21.Rf1 Qf3 22.Qg5+ Kh8 23.Qe3 Rf7
24.Kd2 Qg2 25.Rae1 Raf8 26.Bxe4 Rxf2+ 27.Rxf2 Rxf2+ 28.Kc1 Nxe4 29.Qxe4 Qxe4
30.Rxe4 Rxh2 31.c5 Rg2 32.g4 Kg7 33.b4 b6 34.Rc4 axb4 35.axb4 b5 36.cxd6 cxd6
37.Rc7+ Kg6 38.Rd7 Rxg4 39.Rxd6+ Kg5 40.Re6 Rc4+ 41.Kb2 Rxb4+ 42.Kc3 Rc4+
43.Kb3 e4 44.d6 Rd4 45.Kc3 Rd3+ 46.Kb4 Kf5 47.Rh6 e3  0-1

[Event "GMB"]
[Site "Bermuda BER"]
[Date "2002.01.30"]
[Round "9"]
[White "Alvarez,Joh"]
[Black "Berg,E"]
[Result "1/2-1/2"]
[WhiteElo "2379"]
[BlackElo "2500"]

1.d4 e6 2.c4 Nf6 3.Nf3 Bb4+ 4.Bd2 c5 5.e3 O-O 6.Bd3 Nc6 7.O-O d6 8.Nc3 cxd4
9.exd4 e5 10.d5 Nb8 11.Qc2 Nbd7 12.Rae1 g6 13.a3 Bxc3 14.Qxc3 b5 15.Bg5 Bb7
16.b3 Rc8 17.Qa1 bxc4 18.bxc4 Qa5 19.Nd4 Bxd5 20.cxd5 exd4 21.Qxd4 Qxd5 22.Qxd5 Nxd5
23.Ba6 Rc3 24.Bb7 N7b6 25.Rd1 Rc5 26.Bh6 Re8 27.h3 f6 28.Rd3 g5 29.h4 Re5
30.hxg5 fxg5 31.Rf3 Nf4 32.g3 Ne6 33.Rd1 d5 34.Ba6 d4 35.Rxd4 Nd5 36.Bc4 Kh8
37.Rxd5 Rexd5 38.Bxd5 Rxd5 39.Rf6 Rd1+ 40.Kg2 Rd6 41.Kf1 Kg8 42.f3 Rb6 43.Kf2 Rb2+
44.Ke3 Ng7 45.Ke4 Rb3 46.Ra6 Nh5 47.g4 Ng3+ 48.Kd5 Rd3+ 49.Kc4 Rxf3 50.Rxa7 Rf6
51.Ra8+ Kf7 52.Rf8+ Kg6 53.Rxf6+ Kxf6 54.a4 Ke6 55.a5 Kd7 56.Kb5 Kc8 57.Kb6 Kb8
58.Bxg5 Ne4 59.Bh4 Nd2 60.Kc5 Kb7 61.Kd5 Nf1 62.Ke4 h6  1/2-1/2

[Event "Open"]
[Site "Bermuda BER"]
[Date "2002.02.03"]
[Round "4"]
[White "Nyback,T"]
[Black "Berg,E"]
[Result "1/2-1/2"]
[WhiteElo "2448"]
[BlackElo "2500"]

1.d4 e6 2.Nf3 Nf6 3.c4 Bb4+ 4.Bd2 c5 5.Bxb4 cxb4 6.Nbd2 O-O 7.g3 d6 8.Bg2 Nc6
9.O-O e5 10.d5 Nb8 11.Ne1 a5 12.Nd3 Na6 13.Rc1 b6 14.e4 Re8 15.h3 Nd7 16.f4 Nac5
17.Nxc5 Nxc5 18.f5 Qg5 19.Rf3 g6 20.Qe2 gxf5 21.Rcf1 f4 22.gxf4 exf4 23.h4 Qg4
24.Qf2 Qg7 25.h5 Kh8 26.h6 Qxh6 27.Rxf4 Nd3 28.Rh4 Qg7 29.Qxf7 Rg8 30.Qxg7+ Kxg7
31.b3 Ra7 32.Rf3 Ne5 33.Rg3+ Ng6 34.Nf3 Kf8 35.Rh6 Rag7 36.Kh1 Ke7 37.Nd4 Ne5
38.Rxg7+ Rxg7 39.Bh3 Bxh3 40.Rxh3 Kd7 41.Nf5 Rg4 42.Rxh7+ Kd8 43.Kh2 Rxe4
44.Nxd6 Re2+ 45.Kg3 Rxa2 46.Kf4 Nd3+ 47.Ke3 Nc5 48.Nb7+ Kc8 49.Nxc5 bxc5
50.d6 a4 51.Rc7+ Kd8 52.Rxc5 axb3 53.Rb5 b2 54.Rxb4 Ra4 55.Rb8+ Kd7 56.c5 Rc4
57.Rb7+ Kc6 58.Rc7+ Kb5 59.d7 Re4+ 60.Kd2 b1=Q 61.Rb7+ Kxc5 62.Rxb1  1/2-1/2

[Event "Aeroflot Open"]
[Site "Moscow RUS"]
[Date "2002.02.05"]
[Round "2"]
[White "Najer,E"]
[Black "Loginov,Va"]
[Result "1-0"]
[WhiteElo "2599"]
[BlackElo "2524"]

1.d4 Nf6 2.c4 e6 3.Nf3 Bb4+ 4.Bd2 Qe7 5.g3 Nc6 6.Nc3 Bxc3 7.Bxc3 Ne4 8.Rc1 O-O
9.Bg2 d6 10.d5 Nd8 11.O-O f5 12.Bb4 a5 13.Ba3 b6 14.Nd2 Nc5 15.Rc3 e5 16.f4 Nf7
17.Re3 Qf6 18.Nf3 Bd7 19.b3 Rae8 20.Bb2 Qh6 21.Bc1 Qf6 22.Qc2 Nh6 23.h3 Nf7
24.Kh2 c6 25.Ng5 Nd8 26.Bb2 Qg6 27.Qc1 h6 28.Nf3 e4 29.Nd4 cxd5 30.cxd5 b5
31.a3 Qf7 32.Qd2 Ndb7 33.Nc2 Rc8 34.Rd1 a4 35.b4 Nb3 36.Rxb3 axb3 37.Ne3 Rc7
38.Rb1 Kh7 39.Bd4 g5 40.fxg5 hxg5 41.g4 fxg4 42.Bxe4+ Kh6 43.hxg4 Qe8 44.Bf5  1-0

[Event "FSIM February"]
[Site "Budapest HUN"]
[Date "2002.02.06"]
[Round "5"]
[White "Kostic,F"]
[Black "Eperjesi,L"]
[Result "0-1"]
[WhiteElo "2280"]
[BlackElo "2276"]

1.d4 Nf6 2.Nf3 e6 3.c4 Bb4+ 4.Bd2 a5 5.g3 b6 6.Bg2 Ba6 7.Ne5 Ra7 8.O-O Be7
9.Nc3 c6 10.d5 O-O 11.Qb3 Qc7 12.f4 Bc5+ 13.Kh1 exd5 14.cxd5 Nxd5 15.Nxd5 cxd5
16.Bxd5 d6 17.Nd3 a4 18.Qc3 Nc6 19.f5 Bb7 20.Nf4 Bd4 21.Qd3 Bxb2 22.f6 Bxf6
23.Rae1 Qd7 24.Nh5 Be5 25.e4 Ne7 26.Bc4 Ng6 27.Rf5 Qxf5  0-1

[Event "XVIII Open"]
[Site "Cappelle la Grande FRA"]
[Date "2002.02.09"]
[Round "1"]
[White "Lorscheid,G"]
[Black "Winants,L"]
[Result "0-1"]
[WhiteElo "2305"]
[BlackElo "2488"]

1.d4 e6 2.Nf3 Nf6 3.c4 Bb4+ 4.Bd2 a5 5.Qc2 d6 6.Nc3 Qe7 7.a3 Bxc3 8.Bxc3 Nbd7
9.e3 a4 10.Be2 b6 11.O-O Bb7 12.Nd2 c5 13.b4 axb3 14.Qxb3 O-O 15.a4 Ne4 16.Nxe4 Bxe4
17.f3 Bc6 18.Qc2 Qg5 19.Bd2 Qd8 20.Bc3 Ra7 21.Ra3 Qc7 22.Rfa1 Rfa8 23.Bd3 h6
24.dxc5 Nxc5 25.Be2 Rxa4 26.Rxa4 Rxa4 27.Qb2 e5 28.Bb4 Rxa1+ 29.Qxa1 h5 30.h4 g6
31.Qa3 Kg7 32.Kf2 Bd7 33.g3 Be6 34.Qa8 Nb7 35.Bd2 Na5 36.e4 Bc8 37.Be3 Nxc4  0-1

[Event "10th Open"]
[Site "Valle d'Aosta ITA"]
[Date "2002.02.11"]
[Round "3"]
[White "Komarov,D"]
[Black "Skembris,S"]
[Result "1-0"]
[WhiteElo "2537"]
[BlackElo "2464"]

1.d4 Nf6 2.Nf3 e6 3.c4 Bb4+ 4.Bd2 Qe7 5.g3 b6 6.Bg2 Bb7 7.O-O Bxd2 8.Qxd2 d6
9.Nc3 O-O 10.d5 e5 11.e4 c6 12.Nh4 g6 13.f4 cxd5 14.fxe5 dxe5 15.exd5 Ne8
16.Ne4 Nd7 17.d6 Qd8 18.Qh6 Bxe4 19.Bxe4 Rc8 20.Bd5 Nef6 21.Nxg6 hxg6 22.Qxg6+ Kh8
23.Qh6+ Nh7 24.Rf5 Nf6 25.Raf1 Ng8 26.Qh5 f6 27.Be4 Qd7 28.b3 Qg7 29.Qh4 Rcd8
30.Rh5 f5 31.Rfxf5 Rxf5 32.Bxf5 Nf6 33.Rxh7+ Nxh7 34.Qxd8+ Nf8 35.d7 e4 36.Qh4+ Kg8
37.d8=Q  1-0

[Event "Petrov Mem Open"]
[Site "St Petersburg RUS"]
[Date "2002.02.15"]
[Round "4"]
[White "Askarov,M"]
[Black "Shushpanov,R"]
[Result "0-1"]
[WhiteElo "2207"]
[BlackElo "2460"]

1.d4 Nf6 2.Nf3 e6 3.c4 Bb4+ 4.Bd2 Qe7 5.Nc3 c5 6.Nb5 Bxd2+ 7.Qxd2 d5 8.cxd5 exd5
9.dxc5 O-O 10.e3 a6 11.Nd6 Bg4 12.Nd4 b6 13.b4 a5 14.N6f5 Bxf5 15.Nxf5 Qe5
16.Nd4 Ne4 17.Qb2 axb4 18.cxb6 Nc6 19.Bb5 Nxd4 20.exd4 Qd6 21.O-O Nc3 22.a4 Rfb8
23.Rfe1 g6 24.Rec1 Rxb6 25.Rxc3 bxc3 26.Qxc3 Kg7 27.g3 Ra7 28.Rc1 Qf6 29.Qc5 Re7
30.a5 Rbe6 31.Bf1 Re1 32.Rxe1 Rxe1 33.Qxd5 Qa6 34.Qe5+ Rxe5 35.Bxa6 Rxa5
36.Bb7 Ra4 37.h4 Rxd4 38.Kg2 Kf6 39.Kf3 Ke5 40.Ba6 Rb4 41.Ke3 Rb3+ 42.Bd3 f5
43.Ke2 f4 44.gxf4+ Kxf4 45.h5 gxh5 46.Bxh7 Rb2+  0-1

[Event "Petrov Mem Open"]
[Site "St Petersburg RUS"]
[Date "2002.02.20"]
[Round "9"]
[White "Mukhin,G"]
[Black "Bocharov,D"]
[Result "1/2-1/2"]
[WhiteElo "2373"]
[BlackElo "2452"]

1.d4 Nf6 2.Nf3 e6 3.c4 Bb4+ 4.Bd2 Qe7 5.Nc3 O-O 6.Qc2 d6 7.e3 e5 8.a3 Bxc3
9.Bxc3 Nc6 10.dxe5 dxe5 11.Be2 e4 12.Ng5 Bf5 13.f4 Rfd8 14.g4 Nxg4 15.Bxg4 Bxg4
16.Rg1 Bf5 17.Rg3 f6 18.Nh3 Bxh3 19.Rxh3 Rd3 20.Qe2 Qc5 21.Kf2 Rad8 22.Rg1 Rxc3
23.bxc3 Ne7 24.Rd1 Rd6 25.Rxd6 cxd6 26.Qh5 Qxh5 27.Rxh5 f5 28.Rg5 Kf7 29.Rg1 Nc6
30.Rd1 Ke6 31.Rg1 g6 32.h4 Na5 33.h5 Kf6 34.hxg6 hxg6 35.Rd1 Ke7 36.Rg1 Kf6
37.Rd1 Ke7 38.Rg1 Kf7 39.Rh1 Nxc4 40.Rh7+ Ke6 41.Rxb7 Nxa3 42.Rxa7 Nb5 43.Rg7 Kf6
44.Rd7 Ke6 45.Rg7 Kf6 46.Rd7 Ke6 47.Rg7  1/2-1/2

[Event "Anibal Open"]
[Site "Linares ESP"]
[Date "2002.03.01"]
[Round "1"]
[White "Najer,E"]
[Black "Esquivel,L"]
[Result "1-0"]
[WhiteElo "2599"]
[BlackElo "2288"]

1.d4 e6 2.Nf3 Nf6 3.c4 Bb4+ 4.Bd2 a5 5.g3 O-O 6.Bg2 d6 7.Nc3 Nc6 8.O-O e5
9.Nd5 Bxd2 10.Qxd2 Re8 11.Nxf6+ Qxf6 12.d5 Ne7 13.e4 b6 14.Rae1 Bg4 15.Re3 Qh6
16.Rc3 Qxd2 17.Nxd2 f6 18.f4 g6 19.Nb1 Kg7 20.Na3 c6 21.fxe5 fxe5 22.h3 Bd7
23.dxc6 Bxc6 24.Rd1 Red8 25.h4 Ra7 26.Nb5 Bxb5 27.cxb5 d5 28.exd5 Rc8 29.d6 Rxc3
30.bxc3  1-0

[Event "Mediteran Cup WGM"]
[Site "Rijeka CRO"]
[Date "2002.03.13"]
[Round "6"]
[White "Macek,V"]
[Black "Franciskovic,B"]
[Result "1-0"]
[WhiteElo "2239"]
[BlackElo "2050"]

1.d4 Nf6 2.c4 e6 3.Nf3 Bb4+ 4.Bd2 c5 5.Nc3 cxd4 6.Nxd4 b6 7.Qc2 Be7 8.e4 d6
9.Be2 Bb7 10.Be3 a6 11.O-O Nbd7 12.Rac1 O-O 13.f3 Rc8 14.Qd1 Qc7 15.Qe1 Qb8
16.Kh1 Ne5 17.b3 Rfe8 18.Qg3 Nc6 19.Nc2 Ba8 20.Bg5 Nd7 21.Bxe7 Nxe7 22.Ne3 Red8
23.Rfd1 Nf6 24.Rc2 Bc6 25.Rcd2 Ne8 26.a4 Qa8 27.h4 Rd7 28.Kh2 Rcd8 29.Ng4 Kh8
30.h5 Qb8 31.f4 d5 32.Ne5  1-0

[Event "57th ch-YUG"]
[Site "Banja Koviljaca YUG"]
[Date "2002.03.21"]
[Round "6"]
[White "Abramovic,B"]
[Black "Ilincic,Z"]
[Result "1/2-1/2"]
[WhiteElo "2524"]
[BlackElo "2534"]

1.d4 Nf6 2.c4 e6 3.Nf3 Bb4+ 4.Bd2 c5 5.Bxb4 cxb4 6.g3 O-O 7.Bg2 d6 8.Nbd2 Nc6
9.Nf1 Bd7 10.Ne3 Ne7 11.O-O a5 12.Qd2 b5 13.Rfc1 bxc4 14.Nxc4 Bb5 15.Ne1 Rc8
16.Ne3 Qb6 17.N1c2 Qa6 18.Kf1 Rc7 19.a3 b3 20.Ne1 Rfc8 21.Rxc7 Rxc7 22.Bf3 a4
23.Rc1 Rxc1 24.Qxc1 Qb6 25.Qd1 d5 26.Bg2 Nc6 27.Nf3 Ne4 28.Kg1 Nd6 29.Bf1 h6
30.Qd2 Ne4 31.Qd1 Na5 32.Qc1 Qa6 33.Qc7 Nc6 34.Ne5 Nxe5 35.dxe5 Bxe2 36.Nxd5 exd5
37.Bxe2 Qxe2 38.Qc8+  1/2-1/2

[Event "Spring Festival"]
[Site "Budapest HUN"]
[Date "2002.03.23"]
[Round "9"]
[White "Berczes,D"]
[Black "Majeric,Z"]
[Result "1/2-1/2"]
[WhiteElo "2146"]
[BlackElo "2337"]

1.d4 Nf6 2.Nf3 e6 3.c4 Bb4+ 4.Bd2 Qe7 5.g3 O-O 6.Bg2 Bxd2+ 7.Qxd2 d6 8.Nc3 e5
9.d5 a5 10.O-O Nbd7 11.Qc2 Nc5 12.b3 Bg4 13.Nd2 Qd7 14.f3 Bh3 15.e4 Bxg2
16.Kxg2 Nh5 17.a3 g6 18.Rab1 b6 19.b4 Nb7 20.Nb3 axb4 21.axb4 f5 22.Qe2 Nd8
23.c5 bxc5 24.bxc5 Nf7  1/2-1/2

[Event "57th ch-YUG"]
[Site "Banja Koviljaca YUG"]
[Date "2002.03.24"]
[Round "8"]
[White "Blagojevic,D"]
[Black "Ilincic,Z"]
[Result "1/2-1/2"]
[WhiteElo "2508"]
[BlackElo "2534"]

1.d4 Nf6 2.c4 e6 3.Nf3 Bb4+ 4.Bd2 c5 5.g3 O-O 6.Bg2 Bxd2+ 7.Qxd2 Ne4 8.Qe3 Qa5+
9.Nbd2 d5 10.dxc5 Nc6 11.O-O Qxc5 12.Qxc5 Nxc5 13.cxd5 exd5 14.Rac1 Na4 15.b3 Nb6
16.Rfd1 Re8 17.Kf1 a5 18.Nb1 a4 19.Nd4 axb3 20.axb3 Bg4 21.Nc3 Nb4 22.Ke1 h6
23.Rd2 Ra5 24.Ndb5 Bh5 25.Kd1 Na2 26.Nxa2 Rxb5 27.Rc3 d4 28.Rcd3 Bg6 29.Rxd4 Rxb3
30.Nc1 Rb1 31.Rd8 Rxd8 32.Rxd8+ Kh7 33.Rb8 Nc4 34.Rxb7 Nb2+ 35.Kd2 Nc4+ 36.Kd1 Nb2+  1/2-1/2

[Event "Suetin Mem"]
[Site "Tula RUS"]
[Date "2002.03.24"]
[Round "2"]
[White "Zakharevich,I"]
[Black "Kulikov,O"]
[Result "1-0"]
[WhiteElo "2466"]
[BlackElo "2370"]

1.d4 Nf6 2.c4 e6 3.Nf3 Bb4+ 4.Bd2 Qe7 5.g3 Nc6 6.Nc3 O-O 7.Bg2 Bxc3 8.Bxc3 Ne4
9.Rc1 d6 10.d5 Nxc3 11.Rxc3 Nb8 12.dxe6 fxe6 13.Nd4 e5 14.Nc2 c6 15.O-O Be6
16.b4 a6 17.Ne3 Nd7 18.Qc2 Nf6 19.Rd3 Rfd8 20.Rfd1 Rd7 21.Qb2 Rad8 22.a4 Qf7
23.c5 dxc5 24.bxc5 Rxd3 25.Rxd3 Rxd3 26.exd3 Qc7 27.Qc3 Nd7 28.a5 Kf8 29.Be4 h6
30.Bf5 Ke7 31.Qb4 Nf6 32.Bxe6 Kxe6 33.Qc4+ Nd5 34.Qg4+ Kf6 35.Qf5+ Ke7 36.Nc4 Nf6
37.Kg2 Nd7 38.Qh7 Kf8 39.Qh8+ Kf7 40.Nd6+ Kg6 41.Ne8  1-0

[Event "Suetin Mem"]
[Site "Tula RUS"]
[Date "2002.03.26"]
[Round "4"]
[White "Ponomarenko,Vi"]
[Black "Bairachny,R"]
[Result "0-1"]
[WhiteElo "2254"]
[BlackElo "2427"]

1.d4 Nf6 2.c4 e6 3.Nf3 Bb4+ 4.Bd2 c5 5.g3 b6 6.Bg2 Bb7 7.Bxb4 cxb4 8.O-O a5
9.a3 Na6 10.Nbd2 O-O 11.Ne5 Bxg2 12.Kxg2 d6 13.Nef3 Re8 14.Qc2 Ra7 15.Rad1 Rc7
16.Qd3 Qa8 17.e4 e5 18.Rfe1 Rce7 19.d5 Nd7 20.Nh4 g6 21.Qe3 Ndc5 22.Qg5 Qd8
23.Re3 Rc7 24.Qh6 Qf6 25.f4 exf4 26.Qxf4 Qxb2 27.axb4 Qc2 28.bxc5 Qxd1 29.Ndf3 Nxc5
30.Qxd6 Rce7 31.e5 Qc2+ 32.Kh3 Qxc4 33.Qc6 Qf1+ 34.Kg4 Qc4+ 35.Kg5 Qc1 36.Ng2 Qc2
37.Kh6 g5  0-1

[Event "40th Doeberl Cup"]
[Site "Canberra AUS"]
[Date "2002.03.29"]
[Round "1"]
[White "Rippis,T"]
[Black "Rogers,I"]
[Result "0-1"]
[WhiteElo "2074"]
[BlackElo "2555"]

1.d4 Nf6 2.Nf3 e6 3.c4 Bb4+ 4.Bd2 Qe7 5.g3 Bxd2+ 6.Nbxd2 d6 7.Bg2 e5 8.e4 O-O
9.O-O a5 10.Qc2 Nc6 11.d5 Nb4 12.Qc3 Bg4 13.a3 Na6 14.b4 c6 15.dxc6 bxc6
16.Rfc1 axb4 17.axb4 c5 18.b5 Nb4 19.Rxa8 Rxa8 20.Ra1 Qb7 21.Ne1 Nd7 22.Rxa8+ Qxa8
23.Nd3 Qa4 24.Nxb4 cxb4 25.Qd3 Qd1+ 26.Bf1 Bh3 27.Nb3 Qxd3 28.Bxd3 Kf8 29.f4 f6
30.Kf2 Be6 31.Ke3 Ke8 32.Na5 Nc5 33.Nc6 b3 34.Na5 Kd7 35.b6 Bg4 36.Kd2 Bf3
37.Kc3 Nxd3 38.Kxd3 Bxe4+ 39.Kc3 Bc2 40.fxe5 fxe5 41.Nxb3 Bxb3 42.Kxb3 Kc6  0-1

[Event "ch-DEN"]
[Site "Greve DEN"]
[Date "2002.03.31"]
[Round "9"]
[White "Jakobsen,O"]
[Black "Fries Nielsen,JO"]
[Result "0-1"]
[WhiteElo "2405"]
[BlackElo "2454"]

1.d4 Nf6 2.c4 e6 3.Nf3 Bb4+ 4.Bd2 c5 5.Bxb4 cxb4 6.e3 O-O 7.a3 Nc6 8.axb4 Nxb4
9.Be2 b6 10.Nc3 Bb7 11.O-O Qe7 12.Qb3 d5 13.Ne5 dxc4 14.Bxc4 a6 15.Rac1 Rac8
16.Be2 b5 17.Bf3 Bxf3 18.Nxf3 Nd3 19.Ra1 Qb4 20.Qxb4 Nxb4 21.Ne5 Rc7 22.g3 Rfc8
23.Rfd1 Kf8 24.Nd3 Nxd3 25.Rxd3 b4 26.Nd1 Rc1 27.Rxa6 R8c2 28.Kg2 Ne4 29.b3 Rb1
30.d5 exd5 31.Rxd5 g6 32.Ra7 Nxf2 33.Nxf2 Rbb2 34.Kf3 Rxf2+ 35.Ke4 Rxb3 36.h4 h5
37.Rd8+ Kg7 38.Raa8 f5+ 39.Kd4 Rd2+ 40.Kc4 Rxd8 41.Ra7+ Kh6 42.Kxb3 Rd3+
43.Kxb4 Rxe3  0-1

[Event "FSGMB April"]
[Site "Budapest HUN"]
[Date "2002.04.05"]
[Round "4"]
[White "Farago,I"]
[Black "Karttunen,M"]
[Result "1/2-1/2"]
[WhiteElo "2506"]
[BlackElo "2429"]

1.d4 Nf6 2.c4 e6 3.Nf3 Bb4+ 4.Bd2 c5 5.Bxb4 cxb4 6.g3 O-O 7.Bg2 d6 8.O-O Nc6
9.Qb3 Qb6 10.d5 Na5 11.Qd3 Qa6 12.Nfd2 exd5 13.cxd5 Qxd3 14.exd3 Bf5 15.a3 b3
16.Be4 Bxe4 17.dxe4 Rac8 18.Nc3 Nc4 19.Nxc4 Rxc4 20.f3 a6  1/2-1/2

[Event "FSIMA April"]
[Site "Budapest HUN"]
[Date "2002.04.06"]
[Round "5"]
[White "Soos,B"]
[Black "Bodrogi,M"]
[Result "1-0"]
[WhiteElo "2292"]
[BlackElo "2203"]

1.d4 Nf6 2.c4 e6 3.Nf3 Bb4+ 4.Bd2 Qe7 5.g3 O-O 6.Bg2 Bxd2+ 7.Qxd2 d6 8.Nc3 c6
9.O-O Rd8 10.Rad1 Nbd7 11.e4 Nf8 12.Rfe1 Ng6 13.b4 Ng4 14.h3 Nh6 15.b5 Bd7
16.a4 Be8 17.Qb2 c5 18.Qb3 Rac8 19.Rc1 Qc7 20.d5 e5 21.Nd1 Bd7 22.Ne3 f5
23.exf5 Nxf5 24.Nxf5 Bxf5 25.Ng5 Qe7 26.h4 h6 27.Be4 Bxe4 28.Nxe4 Qf7 29.Qd1 Qf5
30.Rc3 Ne7 31.Rf3 Qg6 32.Qd3 Qg4 33.Nd2 Rf8 34.Qe4 Qh3 35.Rxf8+ Rxf8 36.Re3 Qc8
37.Rf3 Nf5 38.Qg4 Kh7 39.h5 Kg8 40.Ne4 Ne7 41.Rxf8+ Kxf8 42.Qf3+ Qf5 43.Qxf5+ Nxf5
44.g4 Nd4 45.Nxd6 b6 46.Kg2 Nb3 47.Kf3 Ke7 48.Nf5+ Kf6 49.Ke4 Nd2+ 50.Kd3 Nf3
51.Kc3 Ng5 52.f3 Nf7 53.Ng3 Ke7 54.Ne4 Nd8 55.f4 Nf7 56.f5 Nd8 57.a5 Nb7
58.a6 Nd8 59.Nxc5 Nf7 60.Ne4 Kd7 61.Kd3 Ke7 62.Kc3 Kd7 63.c5 bxc5 64.b6 Nd6
65.Nxd6  1-0

[Event "FSIMA April"]
[Site "Budapest HUN"]
[Date "2002.04.07"]
[Round "6"]
[White "Eperjesi,L"]
[Black "Bodrogi,M"]
[Result "1-0"]
[WhiteElo "2322"]
[BlackElo "2203"]

1.d4 Nf6 2.Nf3 e6 3.c4 Bb4+ 4.Bd2 Qe7 5.g3 b6 6.Bg2 Bb7 7.Nc3 O-O 8.O-O d6
9.Qc2 Nbd7 10.Rfe1 Rfd8 11.e4 Nf8 12.a3 Bxc3 13.Bxc3 Ng6 14.e5 Nd7 15.b4 Rac8
16.Rad1 dxe5 17.dxe5 Ndf8 18.Bd2 c5 19.b5 Qc7 20.Bc3  1-0

[Event "Golden Cleopatra"]
[Site "Cairo EGY"]
[Date "2002.04.10"]
[Round "4"]
[White "Elkadi,A"]
[Black "Kobese,W"]
[Result "1/2-1/2"]
[WhiteElo "2157"]
[BlackElo "2412"]

1.d4 Nf6 2.Nf3 e6 3.c4 Bb4+ 4.Bd2 Qe7 5.g3 Nc6 6.Bg2 Bxd2+ 7.Nbxd2 d6 8.O-O O-O
9.e4 e5 10.d5 Nb8 11.Ne1 a5 12.Nd3 Na6 13.a3 Bg4 14.f3 Bd7 15.b4 axb4 16.axb4 c6
17.dxc6 bxc6 18.Qb3 Be6 19.Qc3 Nc7 20.Rfb1 Bd7 21.Nb3 Rfe8 22.Rxa8 Rxa8 23.Ra1 Rxa1+
24.Qxa1 Nfe8 25.Na5 Ne6 26.Nb3 h5 27.Qa7 N6c7 28.Qb6 h4 29.Kf2 hxg3+ 30.hxg3 f5
31.exf5 Qf7 32.Nd2 Bxf5 33.Nb2 Qf6 34.Nd1 e4 35.Qe3 d5 36.fxe4 Bxe4+ 37.Qf4 Qd4+
38.Qe3 Qf6+ 39.Qf4 Qxf4+ 40.gxf4 Bxg2 41.Kxg2 dxc4 42.Nxc4 Nd5 43.Kf3 Nef6
44.Nd6 Nxb4 45.Nc4 Kf7 46.Nc3 Ke6 47.Kg3 Nbd5 48.Ne2 Ne7 49.Nc3 Nf5+ 50.Kf3 Nh4+
51.Kg3 Ng6 52.Kf3 Nd5 53.Ne2 c5 54.Nd2 Nh4+ 55.Kg4 Nf5 56.Kg5 Nfe7 57.Nc4 Nf5
58.Nc1 Nde7 59.Nd3 Kd5 60.Nde5 Nd6 61.Nxd6 Kxd6 62.Nc4+ Kd5 63.Nb6+ Ke4 64.Nc4 Kd4
65.Nd6 Kd5 66.Nb5 c4 67.Nc3+ Ke6 68.Ne2 Kf7 69.Nc3 Kf8 70.f5 Kf7 71.Ne4 Nc8
72.Kf4 Ke7 73.Ke5 Nd6 74.Nc3 Kd7 75.Kd5 Ke7 76.Ke5 Nb7 77.Kd5 Na5 78.Ne4  1/2-1/2

[Event "Classics IMB"]
[Site "Gausdal NOR"]
[Date "2002.04.13"]
[Round "3"]
[White "Nordahl,H"]
[Black "Moen,A"]
[Result "1/2-1/2"]
[WhiteElo "2277"]
[BlackElo "2265"]

1.d4 Nf6 2.c4 e6 3.Nf3 Bb4+ 4.Bd2 a5 5.g3 d6 6.Bg2 Nbd7 7.O-O e5 8.e3 Bxd2
9.Qxd2 O-O 10.Nc3 Qe7 11.Qc2 c6 12.a3 Nb6 13.b3 Bg4 14.Nd2 Qe6 15.c5 dxc5
16.dxc5 Nbd7 17.b4 Bh3 18.Rfd1 Bxg2 19.Kxg2 Ne8 20.Qb3 Nc7 21.Qxe6 Nxe6 22.Nc4 axb4
23.axb4 Rxa1 24.Rxa1 Rb8 25.Ra7 Nd8 26.Ne4 g6 27.Ned6 Kf8 28.Kf3 Ke7 29.Ke4 Ke6
30.Kd3 b6 31.Ne4 bxc5 32.bxc5 h6 33.Ra5 Nb7 34.Ra7 Nbxc5+ 35.Nxc5+ Nxc5+
36.Ke2 Nd7 37.Ra6 Rc8 38.Na5 Kd5 39.Nb7 Rb8 40.Ra5+ Ke6 41.Ra7 c5 42.Ra6+ Ke7
43.Na5 Rc8 44.Kd3 h5 45.Kc4 e4 46.Nc6+ Kf8 47.h3 Kg7 48.Kd5 c4 49.Kd6 Nb8
50.Nxb8 Rxb8 51.Kd5 Rb2 52.Kxe4 Rxf2 53.Rc6 Rc2 54.Kf3 Rc1 55.e4 c3 56.Kg2 c2
57.h4 Kf8 58.Rc7 Ke8 59.Kh2 Kd8 60.Rc4 Kd7 61.Kg2 Kd6 62.Rc8 Ke5 63.Rc4 f6
64.Kh2 g5 65.hxg5 fxg5 66.Kg2 g4 67.Rc8 Re1 68.Rxc2 Kxe4 69.Rc4+ Kd3 70.Rc8 Re2+
71.Kf1 Rb2 72.Re8 Rb5 73.Kg2 Kd4 74.Rd8+ Ke4 75.Re8+ Re5 76.Ra8 Rd5 77.Re8+ Kd3
78.Ra8 Re5 79.Ra3+ Ke4 80.Ra4+ Kf5 81.Rf4+ Kg5 82.Rf2 Rd5 83.Kh2 h4 84.gxh4+ Kxh4
85.Kg2 Rd4 86.Rb2 Kg5 87.Rb3 Kf4 88.Ra3 Rd2+ 89.Kg1 Re2 90.Rb3 Re3 91.Rxe3 Kxe3
92.Kg2  1/2-1/2

[Event "XX Open"]
[Site "Metz FRA"]
[Date "2002.04.13"]
[Round "1"]
[White "Raimbault,P"]
[Black "Eingorn,V"]
[Result "0-1"]
[WhiteElo "2010"]
[BlackElo "2598"]

1.d4 Nf6 2.c4 e6 3.Nf3 Bb4+ 4.Bd2 a5 5.a3 Bxd2+ 6.Qxd2 O-O 7.Nc3 d6 8.e4 Nc6
9.Be2 e5 10.d5 Ne7 11.c5 Ng6 12.cxd6 cxd6 13.g3 Bh3 14.Ng5 Bd7 15.h4 h6 16.h5 Ne7
17.Nf3 b5 18.Rh4 Qb6 19.Nd1 Bg4 20.Qd3 Bxh5 21.Ne3 Rac8 22.g4 Bg6 23.Nf5 Bxf5
24.gxf5 b4 25.Nd2 bxa3 26.bxa3 Qb2 27.Rb1 Rc1+ 28.Rxc1 Qxc1+ 29.Bd1 Rc8 30.Rh3 Kh8
31.Qe3 Neg8 32.a4 Ng4 33.Qe2 N8f6 34.f3 Rc3 35.Nc4 Rxc4 36.fxg4 Rxe4  0-1

[Event "Classics IMB"]
[Site "Gausdal NOR"]
[Date "2002.04.14"]
[Round "4"]
[White "Nordahl,H"]
[Black "Jakobsen,L"]
[Result "1/2-1/2"]
[WhiteElo "2277"]
[BlackElo "2320"]

1.d4 Nf6 2.c4 e6 3.Nf3 Bb4+ 4.Bd2 Qe7 5.g3 Nc6 6.Bg2 Bxd2+ 7.Nbxd2 d6 8.O-O O-O
9.e4 a5 10.Rc1 e5 11.d5 Nb8 12.Ne1 Na6 13.Nd3 Bg4 14.f3 Bd7 15.a3 a4 16.f4 b6
17.f5 Nc5 18.Nxc5 bxc5 19.g4 Rfb8 20.Rc2 Be8 21.Rf2 Rb6 22.Bf1 Rab8 23.g5 Nd7
24.Nf3 f6 25.gxf6 Qxf6 26.Qd2 h6 27.Rg2 Kh8 28.Be2 Qe7 29.Bd1 Nf6 30.Qe1 Nh5
31.Qd2 Nf4 32.Rg3 Rb3 33.Kh1 Rd3 34.Qe1 Rdb3 35.Qd2 R8b7 36.Ng1 R3b6 37.Qf2 Qd8
38.Nh3 Nxh3 39.Rxh3 Qg5 40.Rg3 Qh4 41.f6 Qxf6 42.Qxf6 gxf6 43.Rcg2 Bf7 44.Rf2 c6
45.Rxf6 Kh7 46.Bg4 Bg6 47.Rxg6 Kxg6 48.Bc8+ Kf6 49.Bxb7 Rxb7 50.dxc6 Rc7
51.b3 Rxc6 52.bxa4 Ra6 53.Kg2 Rxa4 54.Rc3 Kg6 55.Kf3 Kh5 56.h3 Kh4 57.Kg2 h5
58.Kh2 Ra7 59.Rd3 Ra6 60.Kg2 Rb6 61.a4 Rb2+ 62.Kf3 Ra2 63.Rxd6 Rxa4 64.Rd5 Rxc4
65.Rxe5 Rc3+ 66.Kg2 c4 67.Rc5 Rg3+ 68.Kf2 Kxh3  1/2-1/2

[Event "Classics IMA"]
[Site "Gausdal NOR"]
[Date "2002.04.16"]
[Round "7"]
[White "Bosch,Je"]
[Black "Richards,H"]
[Result "1-0"]
[WhiteElo "2454"]
[BlackElo "2209"]

1.d4 e6 2.Nf3 Nf6 3.c4 Bb4+ 4.Bd2 a5 5.g3 d6 6.Bg2 Nc6 7.O-O e5 8.Bg5 exd4
9.Nxd4 Ne5 10.Qc2 h6 11.Bxf6 Qxf6 12.Nc3 Bxc3 13.Qxc3 O-O 14.f4 Nd7 15.Nb5 Qd8
16.Rad1 Nf6 17.e4 Qe7 18.Rfe1 Ne8 19.e5 dxe5 20.Rxe5 Qf6 21.Rxe8 Rxe8 22.Qxf6 gxf6
23.Nxc7 Bg4 24.Rc1 Kf8 25.Bxb7 Rab8 26.Nxe8 Rxb7 27.Nxf6 Bf5 28.b3 a4 29.g4 axb3
30.axb3 Bc8 31.Re1  1-0

[Event "XX Open"]
[Site "Metz FRA"]
[Date "2002.04.19"]
[Round "7"]
[White "Roeder,M"]
[Black "Eingorn,V"]
[Result "1/2-1/2"]
[WhiteElo "2478"]
[BlackElo "2598"]

1.d4 Nf6 2.c4 e6 3.Nf3 Bb4+ 4.Bd2 a5 5.Nc3 d6 6.Bg5 h6 7.Bh4 g5 8.Bg3 Ne4
9.Qc2 f5 10.e3 Nd7 11.Bd3 Ndf6 12.Bxe4 Nxe4 13.Nd2 Nxd2 14.Qxd2 b6 15.a3 Bxc3
16.Qxc3 Bb7 17.f3 Qf6 18.Rc1  1/2-1/2

[Event "Open"]
[Site "Dubai UAE"]
[Date "2002.04.23"]
[Round "7"]
[White "Saleh,Nab"]
[Black "Navabi,S"]
[Result "1-0"]
[WhiteElo "2234"]
[BlackElo "2059"]

1.d4 Nf6 2.c4 e6 3.Nf3 Bb4+ 4.Bd2 Qe7 5.g3 b6 6.Bg2 Bb7 7.O-O Bxd2 8.Qxd2 d6
9.Nc3 O-O 10.d5 e5 11.e4 Ba6 12.b3 Bc8 13.Ne1 Nfd7 14.Nc2 a5 15.Bh3 Na6 16.Ne3 g6
17.Rae1 Nac5 18.Qc2 h5 19.Ng2 Kg7 20.Qd2 Qd8 21.f4 f6 22.Nh4 exf4 23.gxf4 f5
24.Qf2 Nxe4 25.Nxe4 fxe4 26.Qg3 Qe8 27.Bf5 Rf6 28.Rxe4 Qf7 29.Bxg6 Rxg6 30.Nxg6 Qxg6
31.Re7+ Kh6 32.Re6 Nf6 33.Qg5+ Qxg5+ 34.fxg5+ Kxg5 35.Rexf6 Bh3 36.Rf8 Bxf1
37.Rxa8 Bd3 38.Rf8 a4 39.Rf7 Bb1 40.bxa4 Bxa2 41.Rxc7 Bb3 42.Rc6 Kf5 43.Rxb6 Bxc4
44.Rxd6 Ke5 45.Rh6 Kxd5 46.Rxh5+ Ke6 47.a5 Kf7 48.Kf2 Kg6 49.Rc5  1-0

[Event "ch-YUG w"]
[Site "Kotor YUG"]
[Date "2002.04.23"]
[Round "10"]
[White "Djuric,Ve"]
[Black "Zivkovic,Ves"]
[Result "1/2-1/2"]
[WhiteElo "2082"]
[BlackElo "2209"]

1.d4 Nf6 2.c4 e6 3.Nf3 Bb4+ 4.Bd2 a5 5.Nc3 b6 6.g3 Bb7 7.Bg2 O-O 8.O-O d6
9.b3 Nbd7 10.a3 Bxc3 11.Bxc3 Ne4 12.Bb2 f5 13.Nd2 Ndf6 14.f3 Nxd2 15.Qxd2 Qe8
16.Qd3 Qg6 17.Rae1 h5 18.e4 h4 19.exf5 exf5 20.g4 h3 21.Bxh3 Qh6 22.Bg2 fxg4
23.d5 Qh4 24.fxg4 Nxg4 25.Qg3 Rxf1+ 26.Bxf1 Qxg3+ 27.hxg3 Kf7 28.Bh3 Bc8
29.Kg2 Bf5 30.Re2  1/2-1/2